Beyond Logos (Record no. 234329)

MARC details
000 -LEADER
fixed length control field 00321pam a2200145 a 4500
020 ## - INTERNATIONAL STANDARD BOOK NUMBER
Terms of availability
041 ## - LANGUAGE CODE
Language code of original
082 ## - DEWEY DECIMAL CLASSIFICATION NUMBER
Classification number 729.19
Item number ROT
100 ## - MAIN ENTRY--PERSONAL NAME
Personal name Clare Dowdy.
245 ## - TITLE STATEMENT
Title Beyond Logos
Remainder of title Beyond Logos
Medium Textual Documents
250 ## - EDITION STATEMENT
Edition statement 2003.
260 ## - PUBLICATION, DISTRIBUTION, ETC.
Place of publication, distribution, etc. America
Name of publisher, distributor, etc. Rotovision Book
300 ## - PHYSICAL DESCRIPTION
Extent 160:
Other physical details Hard.
930 ## - EQUIVALENCE OR CROSS-REFERENCE-UNIFORM TITLE HEADING [LOCAL, CANADA]
Uniform title 539
Holdings
Withdrawn status Lost status Damaged status Not for loan Collection Home library Current library Date acquired Source of acquisition Cost, normal purchase price Total Checkouts Full call number Barcode Date last seen Copy number Price effective from Koha item type
          College of Fine Arts, Pune College of Fine Arts, Pune 25/05/2004 Chandrakant Book Distributors Mumbai 1912.00   729.19 ROT FAP-539 07/03/2023 1 07/03/2023 Book